Państwa świata bez pierwszej litery - Statystyki

Ogólne statystyki
  • Ten quiz został rozwiązany 19 razy
  • Średni wynik to 112 z 196
Odpowiedzi na mapie
Odpowiedzi zakodowano w zielono-czerwonej skali na mapie do tego quizu, zgodnie z poniższymi procentami.
 
Statystyki odpowiedzi
Odpowiedź % Poprawnych
olska
83%
osja
83%
anada
75%
ania
75%
eksyk
75%
elgia
75%
hile
75%
hiny
75%
horwacja
75%
iałoruś
75%
razylia
75%
stonia
75%
tany Zjednoczone
75%
ustria
75%
winea
75%
zarnogóra
75%
adagaskar
67%
aponia
67%
apua-Nowa Gwinea
67%
aragwaj
67%
aroko
67%
enezuela
67%
enia
67%
epublika Południowej Afryki
67%
gipt
67%
ibia
67%
ielka Brytania
67%
iemcy
67%
inlandia
67%
iszpania
67%
itwa
67%
jednoczone Emiraty Arabskie
67%
kraina
67%
kwador
67%
lbania
67%
lgieria
67%
łochy
67%
ndie
67%
ndonezja
67%
ndora
67%
olandia
67%
ominika
67%
ominikana
67%
onako
67%
ongo
67%
ongolia
67%
orea Północna
67%
orea Południowa
67%
ortugalia
67%
orwegia
67%
osowo
67%
ostaryka
67%
otswana
67%
otwa
67%
owa Zelandia
67%
rabia Saudyjska
67%
ran
67%
rancja
67%
recja
67%
rgentyna
67%
rlandia
67%
rytrea
67%
slandia
67%
swatini
67%
udan
67%
udan Południowy
67%
ułgaria
67%
unezja
67%
urcja
67%
ustralia
67%
winea Bissau
67%
winea Równikowa
67%
zechy
67%
zwajcaria
67%
zwecja
67%
acedonia Północna
58%
ajlandia
58%
alawi
58%
alezja
58%
ali
58%
alwador
58%
amajka
58%
ambia
58%
amibia
58%
anama
58%
anuatu
58%
aos
58%
atykan
58%
auretania
58%
azachstan
58%
ęgry
58%
elize
58%
emen
58%
enin
58%
erbia
58%
eru
58%
fganistan
58%
iban
58%
ietnam
58%
ilipiny
58%
imbabwe
58%
janma
58%
łowacja
58%
łowenia
58%
man
58%
ołdawia
58%
oliwia
58%
olumbia
58%
omalia
58%
ośnia i Hercegowina
58%
ozambik
58%
rak
58%
ri Lanka
58%
rugwaj
58%
ruzja
58%
tiopia
58%
uba
58%
ujana
58%
uksemburg
58%
umunia
58%
watemala
58%
yria
58%
żibuti
58%
zrael
58%
ahamy
50%
aiti
50%
ajwan
50%
akistan
50%
alau
50%
alta
50%
ambodża
50%
angladesz
50%
an Marino
50%
anzania
50%
auru
50%
emokratyczna Republika Konga
50%
epal
50%
esotho
50%
hana
50%
hutan
50%
iberia
50%
idżi
50%
iger
50%
igeria
50%
ikaragua
50%
ikronezja
50%
iribati
50%
ngola
50%
ogo
50%
omory
50%
onduras
50%
ordania
50%
rmenia
50%
urinam
50%
urkina Faso
50%
urkmenistan
50%
wanda
50%
ybrzeże Kości Słoniowej
50%
zad
50%
zbekistan
50%
zerbejdżan
50%
adżykistan
42%
ahrajn
42%
alediwy
42%
amoa
42%
arbados
42%
atar
42%
auritius
42%
enegal
42%
epublika Środkowoafrykańska
42%
eszele
42%
ganda
42%
ierra Leone
42%
imor Wschodni
42%
ingapur
42%
irgistan
42%
renada
42%
urundi
42%
uvalu
42%
uwejt
42%
ypr
42%
abon
33%
aint Lucia
33%
aint Vincent i Grenadyny
33%
amerun
33%
iechtenstein
33%
ntigua i Barbuda
33%
onga
33%
runei
33%
rynidad i Tobago
33%
yspy Marshalla
33%
yspy Salomona
33%
aint Kitts i Nevis
25%
epublika Zielonego Przylądka
25%
yspy Świętego Tomasza i Książeca
25%
Nie znaleziono quizów pasujących do podanych kryteriów
Rozkład punktacji
Procent ludzi z każdym wynikiem
Percentyl według liczby udzielonych odpowiedzi
Twoja historia wyników
Nie rozwiązałeś tego quizu